Statistics for Princeton Review’s best college newspapers

Click here to take the quiz!

General Stats

  • This quiz has been taken 4 times
  • The average score is 4 of 20

Answer Stats

HintAnswer% Correct
#9Syracuse University
67%
#10University of North Carolina at Chapel Hill
67%
#1Columbia University
33%
#20Cornell University
33%
#6Grinnell College
33%
#3Hillsdale College
33%
#2Ithaca College
33%
#4Wabash College
33%
#14Wellesley College
33%
#18Wesleyan University
33%
#16American University
0%
#5Bowdoin College
0%
#15Elon University
0%
#19Fordham University
0%
#11Hampden-Sydney College
0%
#8Loyola University New Orleans
0%
#7Rice University
0%
#13The University of the South
0%
#17University of Virginia
0%
#12Vanderbilt University
0%

Score Distribution

Percentile by Number Answered

Percent of People with Each Score

Your Score History

You have not taken this quiz